[Event "ITA-ch U16 Girls"]
[Site "Tarvisio"]
[Date "2014.07.04"]
[Round "8"]
[White "Santeramo, Alessia Carmen"]
[Black "Acampora, Laura"]
[Result "1-0"]
[WhiteElo "1948"]
[BlackElo "1365"]
[PlyCount "49"]
[EventDate "2014.06.29"]
[EventType "swiss"]
[EventRounds "9"]
[EventCountry "ITA"]
[SourceTitle "EXT 2015"]
[Source "ChessBase"]
[SourceDate "2014.11.20"]
[SourceVersion "1"]
[SourceVersionDate "2014.11.20"]
[SourceQuality "1"]

1. e4 e5 2. Nf3 Nc6 3. Bb5 a6 4. Ba4 b5 5. Bb3 Nf6 6. 0-0 Bc5 7. c3 d6 8. d4 exd4 9. cxd4 Bb6 10. Bg5 h6 11. Bxf6 Qxf6 12. Bd5 Bd7 13. e5 Qf5 14. Qc1 Nb4 15. Bxa8 Nc2 16. Nc3 Nxa1 17. Be4 Qg4 18. h3 Qe6 19. Qxa1 0-0 20. Qb1 b4 21. Nd5 Bc6 22. Nxb6 Bxe4 23. Qxe4 cxb6 24. d5 dxe5 25. dxe6 1-0